000 01026 a2200193 4500
003 Nust
005 20170207154028.0
020 _a0-8493-0911-5
040 _cNust
082 0 _a624.171
100 1 _aNoon, Randall K.
245 0 0 _aForensic engineering investigation (EBOOK)
_cRandall K. Noon
260 _aBoca Raton, Fla. ;
_aLondon :
_bCRC Press,
_ccop. 2001
300 _axviii, 463 p. :
_bill. ;
_c24 cm.
505 _aChapter 1. Introduction (Page-10) Chapter 2. An Outline Development Process (Page-56) Chapter 3. Use Cases (Page-98) Chapter 4. Class Diagrams: The Essentials (Page-111) Chapter 5. Interaction Diagrams (Page-133) Chapter 6. Class Diagrams: Advanced Concepts (Page-156) Chapter 7. Packages and Collaborations (Page-172) Chapter 8. State Diagrams (Page-189) Chapter 9. Activity Diagrams (Page-214) Chapter 10. Physical Diagrams (Page-235) Chapter 11. UML and Programming (Page-276)
650 7 _aForensic engineering
651 _aEBOOK
856 4 1 _uhttp://www.engnetbase.com/pdf/engnetbase/0911/0911_fm.pdf
942 _2ddc
_cBK
999 _c192001
_d192001